| 000 | 00878nam a2200253 4500 | ||
|---|---|---|---|
| 001 | 02747 | ||
| 003 | HDC | ||
| 007 | cr bn --- | ||
| 008 | p n |0 eng | ||
| 040 | _aHDC | ||
| 100 |
_aMiele, Mara _eauthor _9118 |
||
| 245 | 0 |
_aKilling Animals for Food: _bHow Science, Religion and Technologies Affect the Public Debate About Religious Slaughter _cby Mara Miele |
|
| 260 |
_a America: _bSpringer, _c2016 |
||
| 300 | _a1online resource (14 pages) | ||
| 336 |
_atext _2rdacontent |
||
| 337 |
_acomputer _2rdamedia |
||
| 338 |
_aonline resource _2rdacarrier |
||
| 650 |
_aEthics. _9620 |
||
| 650 |
_aPhilosophy. _9619 |
||
| 856 | _zRequest full-text at [email protected] | ||
| 942 | _2lcc | ||
| 942 | _cAR | ||
| 942 | _mJART 002052 | ||
| 999 |
_c134 _d134 |
||